|
|
|
|
| LEADER |
01024nam a2200265 a 4500 |
| 001 |
1616366 |
| 008 |
090616s1996 maua b 001 0 eng d |
| 010 |
|
|
|a 95032314
|
| 020 |
|
|
|a 0201484080
|
| 040 |
|
|
|a DLC
|c DLC
|d DLC
|
| 082 |
0 |
0 |
|a 658.3
|2 20
|
| 100 |
1 |
|
|a Smith, Douglas K.,
|d 1949-
|
| 245 |
1 |
0 |
|a Taking charge of change :
|b 10 principles for managing people and performance /
|c Douglas K. Smith.
|
| 260 |
|
|
|a Reading, Mass. :
|b Addison-Wesley Pub. Co.,
|c c1996.
|
| 300 |
|
|
|a xi, 314 p. :
|b ill. ;
|c 25 cm.
|
| 504 |
|
|
|a Includes bibliographical references (p. 302-303) and index.
|
| 541 |
1 |
|
|e 00007367
|
| 650 |
|
0 |
|a Organizational change
|x Management.
|
| 650 |
|
0 |
|a Personnel management.
|
| 650 |
|
0 |
|a Performance standards.
|
| 650 |
|
0 |
|a Teams in the workplace.
|
| 852 |
4 |
|
|a Ayesha Abed Library
|j General Shelf.
|
| 942 |
0 |
0 |
|0 1
|
| 999 |
|
|
|c 1734
|d 1734
|
| 952 |
|
|
|0 0
|1 0
|2 ddc
|4 0
|6 658_300000000000000_SMI
|7 0
|9 1588
|a BRACUL
|b BRACUL
|c GEN
|d 2009-06-28
|g 1222.00
|l 2
|m 32
|o 658.3 SMI
|p 3010007367
|r 2018-01-21
|s 2018-01-04
|t 1
|w 2009-06-28
|y BK
|